000
00190nmm a2200085Ia 4500
008
220120s9999||||xx |||||||||||||||||und||
100
_a
PC QUEST
_9
10676
245
0
_a
Tech video
260
_c
2005
999
_c
138531
_d
138531